Jaime Torres Bodet /
Zapisane w:
| 1. autor: | |
|---|---|
| Format: | Książka |
| Język: | hiszpański |
| Wydane: |
México :
Empresas Editoriales,
1968, c1968
|
| Seria: | (Un Mexicano y su Obra)
|
| Hasła przedmiotowe: | |
| Etykiety: |
Nie ma etykietki, Dołącz pierwszą etykiete!
|
MARC
| LEADER | 00000nam^a2200000^a^4500 | ||
|---|---|---|---|
| 001 | 000141862 | ||
| 005 | 20250521000000.0 | ||
| 009 | 20260310095629.065 | ||
| 037 | |a Acervo ITESO - Biblioteca | ||
| 041 | |a ESP | ||
| 082 | |a 860. 97206 |b CAR | ||
| 100 | |a Carballo, Emmanuel |e (autor) | ||
| 245 | 1 | 0 | |a Jaime Torres Bodet / |c E. Carballo. |
| 264 | 4 | |a México : |b Empresas Editoriales, |c 1968, c1968 | |
| 300 | |a 323, [66] p. | ||
| 336 | |a texto |b txt |2 rdacontenido | ||
| 337 | |a sin mediación |b n |2 rdamedio | ||
| 338 | |a volumen |b nc |2 rdasoporte | ||
| 440 | 4 | |a (Un Mexicano y su Obra) | |
| 545 | 0 | |a Emmanuel Carballo, escritor y crítico literario jalisciense (Guadalajara, 1929 - Ciudad de México, 2014). Premio Jalisco de 1990. Fundador y director general de Editorial Diógenes desde 1966. Ha colaborado en las principales publicaciones periódicas, junto con Carlos Fuentes codirigió la Revista Mexicana de Literatura, entre las muchas en las que ha participado. Obras: en poesía Amor de llama (1951) y Eso es todo (1972); en narrativa: Notas de un francotirador (1991), Gran estorbo la esperanza (1954); artículos y ensayos: Ramón López Velarde en Guadalajara (1953), Los dueños del tiempo (1965) y La narrativa mexicana de 1910 a 1969 (1979), entre otros; además entrevistas reunidas en Diecinueve protagonistas de la literatura mexicana del siglo XX (1965) y Protagonistas de la literatura hispanoamericana del siglo XX (1987). | |
| 649 | |a XX | ||
| 650 | |a Escritores Mexicanos - |x Biografías | ||
| 650 | |a Políticos Mexicanos - |x Biografías | ||
| 650 | |a Literatura Mexicana - |x Historia y Crítica | ||
| 650 | |a Literatura Mexicana - |y Siglo XX | ||
| 650 | |a Contemporáneos (Literatura Mexicana) - |x Historia y Crítica | ||
| 650 | |a Ensayos Mexicanos | ||
| 650 | |a Torres Bodet, Jaime - |x Tema Principal | ||
| 910 | |a Fondo Salvador Reynoso Reynoso | ||
| 920 | |a Impresos - Libros | ||
| 930 | |a Fondos Especiales | ||
| 940 | |a Literatura | ||
| 905 | |a 112 | ||
| 901 | |a 0800015275 |b IT2 |c ESP |u 20250521 | ||
| 902 | |a https://opac.biblio.iteso.mx/vufind/Record/000141862 | ||